Southville International School and Colleges
Your cart is empty.
  • Cart
  • Lists
    Public lists list_1 View all
    Your lists Log in to create your own lists
  • Log in to your account
  • Your cookies
  • Search history
Southville International School and Colleges
  • Advanced search
  • Recent comments
  • Most popular
  • Libraries

Log in to your account

Log in with GOOGLE


If you do not have an external account, but do have a local account, you can still log in:

  1. Home
  2. MARC view: Inside the Bible :
Normal view MARC view ISBD view

Inside the Bible : (Record no. 108465)

[ view plain ]
MARC details
000 -LEADER
fixed length control field 00535nam a2200181 a 4500
005 - DATE AND TIME OF LATEST TRANSACTION
control field 20140414093826.0
008 - FIXED-LENGTH DATA ELEMENTS--GENERAL INFORMATION
fixed length control field 080522s19uu xx 00 eng d
020 ## - INTERNATIONAL STANDARD BOOK NUMBER
International Standard Book Number 9710860844
050 ## - LIBRARY OF CONGRESS CALL NUMBER
Classification number TR 220.61
Item number B17 1998
100 ## - MAIN ENTRY--PERSONAL NAME
Personal name Baker, Kenneth
245 ## - TITLE STATEMENT
Title Inside the Bible :
Remainder of title an introduction to each book of the Bible /
Statement of responsibility, etc Kenneth Baker.
260 ## - PUBLICATION, DISTRIBUTION, ETC. (IMPRINT)
Place of publication, distribution, etc San Francisco :
Name of publisher, distributor, etc Ignatius Press,
Date of publication, distribution, etc c1998.
300 ## - PHYSICAL DESCRIPTION
Extent 373 p. ; cm.
500 ## - GENERAL NOTE
General note Bibliography: p. 373.
650 ## - SUBJECT ADDED ENTRY--TOPICAL TERM
Topical term or geographic name as entry element Bible
General subdivision Introductions.
942 ## - ADDED ENTRY ELEMENTS (KOHA)
Koha item type Audio Visual Materials
Holdings
Withdrawn status Lost status Source of classification or shelving scheme Damaged status Home library Current library Shelving location Date acquired Source of acquisition Total Checkouts Full call number Barcode Date last seen Price effective from Koha item type Public note
Withdrawn   Library of Congress Classification   Luxembourg Library Luxembourg Library Audio Visual Material Section 05/22/2008 Donation   TR 220.61 B17 1998 R16143 02/10/2020 04/14/2014 Audio Visual Materials For inventory: Not found in inventory AY 2019-2020

Inside the Bible :

APA

Baker K., . (1998). Inside the Bible. San Francisco: Ignatius Press.

Chicago

Baker Kenneth, . 1998. Inside the Bible. San Francisco: Ignatius Press.

Harvard

Baker K., . (1998). Inside the Bible. San Francisco: Ignatius Press.

MLA

Baker Kenneth, . Inside the Bible. San Francisco: Ignatius Press. 1998.

  • Print
  • Cite
  • Add to your cart (remove)
  • Save record
    BIBTEX Dublin Core MARCXML MARC (non-Unicode/MARC-8) MARC (Unicode/UTF-8) MARC (Unicode/UTF-8, Standard) MODS (XML) RIS
  • More searches
    Search for this title in:
    Other Libraries (WorldCat) Other Databases (Google Scholar) Online Stores (Bookfinder.com) Open Library (openlibrary.org)

Exporting to Dublin Core...

SOUTHVILLE LIBRARY

Southville International School and Colleges Library

1281 Tropical Ave. Cor. Luxembourg St., BF Homes International, Las Pinas City

Tel. No. 8256374 / 252358 Loc. 117/146

Powered by Koha